[Event "Odysseus Spring B"]
[Site "Soborg"]
[Date "2009.05.07"]
[Round "4"]
[White "Porsdal, Bo"]
[Black "Kristensen, Steffen Michael"]
[Result "0-1"]
[WhiteElo "1243"]
[BlackElo "1234"]
[PlyCount "32"]
[EventDate "2009.04.16"]
[EventType "tourn"]
[EventRounds "5"]
[EventCountry "DEN"]
[SourceTitle "EXT 2023"]
[Source "ChessBase"]
[SourceDate "2022.10.05"]
[SourceVersion "1"]
[SourceVersionDate "2022.10.05"]
[SourceQuality "1"]

1. e4 c5 2. Nc3 d6 3. Bc4 e6 4. Nf3 Nf6 5. d4 cxd4 6. Qxd4 Nc6 7. Qd1 Be7 8. Bg5 0-0 9. a3 Qb6 10. Rb1 Ng4 11. Qd2 Bxg5 12. Nxg5 Nge5 13. Bd3 Nd4 14. 0-0 h6 15. Nh3 Ndf3+ 16. gxf3 Nxf3+ 0-1

[Event "Odysseus Spring B"]
[Site "Soborg"]
[Date "2009.04.30"]
[Round "3"]
[White "Porsdal, Bo"]
[Black "Petersen, Steffen"]
[Result "0-1"]
[WhiteElo "1243"]
[BlackElo "1750"]
[PlyCount "46"]
[EventDate "2009.04.16"]
[EventType "tourn"]
[EventRounds "5"]
[EventCountry "DEN"]
[SourceTitle "EXT 2023"]
[Source "ChessBase"]
[SourceDate "2022.10.05"]
[SourceVersion "1"]
[SourceVersionDate "2022.10.05"]
[SourceQuality "1"]

1. e4 c5 2. Nc3 Nf6 3. Nf3 d6 4. Bc4 g6 5. d4 cxd4 6. Qxd4 Nc6 7. Qd1 Bg7 8. a3 0-0 9. Bg5 Bg4 10. h3 Bxf3 11. Qxf3 Ne5 12. Qe2 Rc8 13. Bb3 Qa5 14. Bd2 Qc7 15. h4 h5 16. Bg5 Nfg4 17. Nd5 Qa5+ 18. Bd2 Qd8 19. f3 Nf6 20. Nxf6+ Bxf6 21. Rh3 e6 22. g4 Bxh4+ 23. Kd1 hxg4 0-1